00694nam a22002177a 4500003001400000005001700014008004100031020001800072040002800090041000800118082002100126100002900147245005500176260004100231300002200272650002900294942001200323952010700335999001500442900001900457KOHA_MİRAKIL20251108135551.0251108b tu ||||| |||| 00| 0 tur d a9786254194528 aTR-AnABBbturcTR-AnABB atur a813.42bSER 20221 aSertelli, İskender F.,10aTemuçin ve oğulları /cİskender F. Sertelli aAnkara :bDorlion Yayınları,c2022 a95 sayfa ;c21 cm04aTürk edebiyatı, roman 2ddccBK 00102ddc70aBATbBATd2025-11-08l0o813.42 SER 2022pABB125073r2025-11-08 13:56:02w2025-11-08yBK c9306d9306 bGizem YORULMAZ